<?xml version="1.0" encoding="UTF-8"?><?xml-stylesheet type="text/xsl" href="static/style.xsl"?><OAI-PMH xmlns="http://www.openarchives.org/OAI/2.0/" xmlns:xsi="http://www.w3.org/2001/XMLSchema-instance" xsi:schemaLocation="http://www.openarchives.org/OAI/2.0/ http://www.openarchives.org/OAI/2.0/OAI-PMH.xsd"><responseDate>2026-04-13T18:25:38Z</responseDate><request verb="GetRecord" identifier="oai:www.recercat.cat:10459.1/59938" metadataPrefix="marc">https://recercat.cat/oai/request</request><GetRecord><record><header><identifier>oai:recercat.cat:10459.1/59938</identifier><datestamp>2024-12-05T22:45:01Z</datestamp><setSpec>com_2072_3622</setSpec><setSpec>col_2072_479130</setSpec></header><metadata><record xmlns="http://www.loc.gov/MARC21/slim" xmlns:dcterms="http://purl.org/dc/terms/" xmlns:xsi="http://www.w3.org/2001/XMLSchema-instance" xmlns:doc="http://www.lyncode.com/xoai" xsi:schemaLocation="http://www.loc.gov/MARC21/slim http://www.loc.gov/standards/marcxml/schema/MARC21slim.xsd">
   <leader>00925njm 22002777a 4500</leader>
   <datafield ind2=" " ind1=" " tag="042">
      <subfield code="a">dc</subfield>
   </datafield>
   <datafield ind2=" " ind1=" " tag="720">
      <subfield code="a">Echeverría Cortada, Gemma</subfield>
      <subfield code="e">author</subfield>
   </datafield>
   <datafield ind2=" " ind1=" " tag="720">
      <subfield code="a">López Fructuoso, Mª Luisa</subfield>
      <subfield code="e">author</subfield>
   </datafield>
   <datafield ind2=" " ind1=" " tag="720">
      <subfield code="a">Graell i Sarle, Jordi</subfield>
      <subfield code="e">author</subfield>
   </datafield>
   <datafield ind2=" " ind1=" " tag="260">
      <subfield code="c">2017-06-27T09:01:27Z</subfield>
   </datafield>
   <datafield ind2=" " ind1=" " tag="260">
      <subfield code="c">2017-06-27T09:01:27Z</subfield>
   </datafield>
   <datafield ind2=" " ind1=" " tag="260">
      <subfield code="c">2003</subfield>
   </datafield>
   <datafield ind2=" " ind1=" " tag="520">
      <subfield code="a">En el presente trabajo se estudian los compuestos aromáticos y la calidad en manzanas&#xd;
' Fuji' (Nagafu 6) durante su maduración en campo y a lo largo de su almacenamiento. En&#xd;
campo, se realizaron 6 muestreos pre-cosecha. A Jos 185 y 195 días después de floración&#xd;
(DDPF) se cosecharon frutos, los cuales se almacenaban en atmósfera ULO ( 1, 1 % 0 2 +&#xd;
0,9% C02, 1 ºC, 92% HR) durante 3 y 5 meses. Los análisis de los frutos se realizaron en&#xd;
cada fecha de muestreo en campo, y después de cada período de almacenamiento (tras 1, 5&#xd;
y 10 días a 20ºC).&#xd;
En campo, se observó un incremento de la mayoría de ésteres y del 2-metil-1-butanol.&#xd;
La firmeza y acidez de los frutos se mantuvieron constantes, mientras que el contenido de&#xd;
sólidos solubles y el parámetro a*+b* (color de fondo) aumentaron. Después de 5 meses de&#xd;
almacenamiento en ULO, las manzanas presentaron una mayor producción aromática tras 1&#xd;
día a 20 ºC; los frutos cosechados a los J 95 DDPF presentaron mayores concentraciones en&#xd;
aromas. Además, durante el almacenamiento, las manzanas presentaron una buena retención&#xd;
de la calidad físico-quúnica (en frutos cosechados a los 185 DDPF), si bien se observaron&#xd;
ligeras pérdidas de flfOleza y acidez durante el período de pennanencia a 20 ºC posterior&#xd;
a los 5 meses de almacenamie nto; el color de las manzanas se vió también&#xd;
influenciado por dicho período a 20 ºC.</subfield>
   </datafield>
   <datafield ind2=" " ind1=" " tag="520">
      <subfield code="a">Se agradece la financiación recibida por parte del INIA (Proyecto SC99-057) y CJCYT (Proyecto ALI98-0960-C02-02), y la posibilidad de usar las instalaciones de frigoconservación de la empresa NUFRI, S.A.T.</subfield>
   </datafield>
   <datafield ind1="8" ind2=" " tag="024">
      <subfield code="a">http://hdl.handle.net/10459.1/59938</subfield>
   </datafield>
   <datafield tag="653" ind2=" " ind1=" ">
      <subfield code="a">Fruto</subfield>
   </datafield>
   <datafield tag="653" ind2=" " ind1=" ">
      <subfield code="a">Conservación frigorífica</subfield>
   </datafield>
   <datafield tag="653" ind2=" " ind1=" ">
      <subfield code="a">Volátiles</subfield>
   </datafield>
   <datafield tag="653" ind2=" " ind1=" ">
      <subfield code="a">Madurez</subfield>
   </datafield>
   <datafield tag="653" ind2=" " ind1=" ">
      <subfield code="a">Atmósfera ULO</subfield>
   </datafield>
   <datafield ind2="0" ind1="0" tag="245">
      <subfield code="a">Compuestos aromáticos y calidad de manzanas ‘Fuji’ durante su maduración en campo y posterior almacenamiento frigorífico</subfield>
   </datafield>
</record></metadata></record></GetRecord></OAI-PMH>